000 01406nam a2200361 a 4500
001 4031547
003 OSt
005 20160323150940.0
008 970911s1996 ug b 001 0 eng
010 _a 97981050
020 _a9970020900
040 _aDLC
_cDLC
042 _alcode
043 _af------
050 0 0 _aJV246
_b.M35 1996b
082 0 0 _a320
_221
_bMAM 1996
100 1 _aMamdani, Mahmood,
_d1946-
_97404
245 1 0 _aCitizen and subject :
_bcontemporary Africa and the legacy of late colonialism /
_cMahmood Mamdani.
260 _aKampala :
_bFountain Publishers ;
_aCape Town :
_bDavid Philip ;
_aLondon :
_bJames Currey,
_c1996.
300 _axii, 353 p. ;
_c24 cm.
440 0 _aPrinceton studies in culture/power/history
_97405
504 _aIncludes bibliographical references (p. [303]-337) and index.
650 0 _aColonies
_zAfrica
_xAdministration.
_97406
650 0 _aDespotism
_zAfrica.
_97407
650 0 _aDemocracy
_zAfrica.
_97408
650 0 _aApartheid
_zAfrica.
_97409
650 0 _aIndigenous peoples
_zAfrica.
_97410
651 0 _aAfrica
_xColonial influence.
_97411
651 0 _aAfrica
_xPolitics and government.
_97412
906 _a7
_bcbc
_corigode
_d2
_encip
_f19
_gy-gencatlg
942 _2ddc
_cSLOAN
999 _c3304
_d3304